| 000 | 00524pab a2200181 454500 | ||
|---|---|---|---|
| 008 | 180718b2003 xxu||||| |||| 00| 0 eng d | ||
| 100 | _aLawson, Colin | ||
| 245 | _aThe political economy of Slovak and Czech health policy: 1989-2000 | ||
| 260 | _c2003 | ||
| 300 | _ap.219-35. | ||
| 362 | _aApr | ||
| 650 | _aHealth services - Solvak Republic | ||
| 650 | _aHealth services - Czechoslovakia | ||
| 650 | _aHealth services | ||
| 700 | _aNemec, Juraj | ||
| 773 | _aInternational Political Science Review | ||
| 909 | _a57591 | ||
| 999 |
_c57591 _d57591 |
||